Измерительные системы с неселективными датчиками; Приборы и системы. Управление, контроль, диагностика; № 8

Opis bibliograficzny
Parent link:Приборы и системы. Управление, контроль, диагностика: научно-технический и производственный журнал.— , 2000-
№ 8.— 2004.— С. 44-46
1. autor: Ишинбаев Н. А.
Język:rosyjski
Wydane: 2004
Seria:Датчики
Hasła przedmiotowe:
Format: MixedMaterials Rozdział
KOHA link:https://koha.lib.tpu.ru/cgi-bin/koha/opac-detail.pl?biblionumber=393760

MARC

LEADER 00000naa2a2200000 4500
001 393760
005 20231101064428.0
035 |a (RuTPU)RU\TPU\prd\30050 
090 |a 393760 
100 |a 20041117a2004 k y0rusy50 ca 
101 0 |a rus 
102 |a RU 
200 1 |a Измерительные системы с неселективными датчиками  |f Н. А. Ишинбаев 
225 1 |a Датчики 
320 |a Библиогр.: 7 назв. 
461 1 |0 (RuTPU)RU\TPU\prd\1687  |t Приборы и системы. Управление, контроль, диагностика  |o научно-технический и производственный журнал  |d 2000- 
463 1 |0 (RuTPU)RU\TPU\prd\28767  |t № 8  |v С. 44-46  |d 2004 
610 1 |a измерительные системы 
610 1 |a датчики 
610 1 |a неселективные датчики 
610 1 |a многомерные измерения 
610 1 |a тензодатчики 
610 1 |a полумостовые схемы включения 
610 1 |a мостовые схемы включения 
700 1 |a Ишинбаев  |b Н. А. 
801 1 |a RU  |b 63413507  |c 20041117  |g PSBO 
801 2 |a RU  |b 63413507  |c 20121009  |g RCR 
942 |c BK